De rituales y festividades: música colonial en la provincia de Costarrica /
Se intenta explicar el por qué de la inexistencia de una tradición creativa musical en Costa Rica durante la época colonial. Además trata de interpretar el papel de la música en la misma y por explorar los diferentes ámbitos sociales en los que la música se practicaba en dicho tiempo. Finalmente, se...
Gardado en:
| Autor Principal: | |
|---|---|
| Outros autores: | |
| Formato: | Texto |
| Materias: | |
| Etiquetas: |
Engadir etiqueta
Sen Etiquetas, Sexa o primeiro en etiquetar este rexistro!
|
MARC
| LEADER | 00000 a a2200000 04500 | ||
|---|---|---|---|
| 001 | 40758 | ||
| 003 | |||
| 040 | |||
| 100 | |a Vargas Cullell, María Clara | ||
| 245 | |a De rituales y festividades: |b música colonial en la provincia de Costarrica / |c María Clara Vargas Currell ; Eduardo Madrigal Muñoz | ||
| 500 | |a maria.vargascullell@ucr.ac.cr |a eduardomadrigal@ucr.ac.cr | ||
| 520 | |a Se intenta explicar el por qué de la inexistencia de una tradición creativa musical en Costa Rica durante la época colonial. Además trata de interpretar el papel de la música en la misma y por explorar los diferentes ámbitos sociales en los que la música se practicaba en dicho tiempo. Finalmente, se sitúa la práctica musical dentro de los límites de los espacios de sociabilidad existentes en la época, especialmente en las actividades religiosas, el ceremonial cívico, la fiesta profana y la milicia. | ||
| 590 | |a KSR/OCTUBRE2012 | ||
| 650 | |a 1. PRACTICAS RELIGIOSAS | ||
| 650 | |a 2. MUSICA | ||
| 650 | |a 3. GRUPOS RELIGIOSOS | ||
| 650 | |a 4. POBLACION INDIGENA | ||
| 650 | |a 5. COSTA RICA | ||
| 700 | |a Madrigal Muñoz, Eduardo | ||
| 773 | |g número57 ( , 2008), páginas 109-134 : fotos | ||
| 999 | |c 30956 |d 30956 | ||
